000 00519nam a2200181Ia 4500
005 20250508154659.0
008 008 250505s9999 xx 000 0 eng d
037 _aTextual
040 _aFEDL
_beng
_cFEDL
041 _aeng
_2eng
084 _a795, CAR
_qFEDL
100 _aCardano Gerolamo
_950607
245 0 _aBook on games of chance : Liber de ludo aleae
260 _aNew York, USA
_bHolt, Rinehart and Winston
_c1953
300 _a57p.
942 _cTEXL
_h795, CAR
999 _c1351568
_d1351568